| 000 | 00633nam a2200229Ia 4500 | ||
|---|---|---|---|
| 005 | 20260429112222.0 | ||
| 008 | 260429s9999||||xx |||||||||||||| ||und|| | ||
| 020 | _a9789394014619 | ||
| 041 | _aEnglish | ||
| 082 |
_a303.48254051 _bRAH |
||
| 100 | _aRahimuddin | ||
| 245 | 0 |
_aIndia-China-Bhutan triangle : _bborder issues and diplomatic relations / _cRahimuddin |
|
| 250 | _a1st ed. | ||
| 260 |
_aNew Delhi : _bDigital Publishing House, _c2025. |
||
| 300 | _aix, 261 p.; hb | ||
| 650 | _a Bhutan | ||
| 650 | _a China | ||
| 650 | _a India | ||
| 650 | _a International relations | ||
| 650 | _aSocial science | ||
| 942 | _cTB | ||
| 999 |
_c52949 _d52949 |
||